[Event "Rodovremesterskabet Gruppe B 2009"]
[Site "Rodovre"]
[Date "2009.10.20"]
[Round "7"]
[White "Lergren, Ole"]
[Black "Nielsen, Kurt Sogaard"]
[Result "0-1"]
[WhiteElo "1570"]
[BlackElo "1537"]
[PlyCount "160"]
[EventDate "2009.??.??"]

1. d4 Nf6 2. Bg5 g6 3. Bxf6 exf6 4. e4 d5 5. f3 Bd6 6. c4 dxe4 7. fxe4 O-O 8.
Nc3 Re8 9. Nf3 c6 10. Bd3 Bg4 11. O-O Bf4 12. Be2 Be3+ 13. Kh1 Bxf3 14. Bxf3
Bxd4 15. Qb3 Qb6 16. Qc2 Qc5 17. Rad1 Qe5 18. Na4 Na6 19. Qb3 Rab8 20. Rd3 b5
21. Qd1 Red8 22. cxb5 cxb5 23. Nc3 Nc5 24. Rd2 Kg7 25. b4 Ne6 26. Nd5 a6 27. g3
Ba7 28. Bg2 Qg5 29. Rd3 Rbc8 30. Qf3 Bd4 31. Bh3 Be5 32. Ra3 Nd4 33. Qd3 Rc6
34. Rc3 Rdd6 35. Rxc6 Rxc6 36. Nf4 h5 37. Qe3 Nc2 38. Qb3 Rc4 39. Nd3 Nd4 40.
Qd1 Bd6 41. a3 Qe3 42. Re1 Qf3+ 43. Bg2 Qxd1 44. Rxd1 Rc2 45. Ne1 Rc4 46. Bf1
Rc3 47. Rxd4 Be5 48. Rd3 Rc1 49. Re3 Bc3 50. Rxc3 Rxc3 51. Nd3 Rxa3 52. Kg2
Ra2+ 53. Kf3 g5 54. h3 Ra1 55. Be2 Ra2 56. Ke3 Kg6 57. g4 hxg4 58. hxg4 a5 59.
e5 Ra3 60. Kd4 fxe5+ 61. Nxe5+ Kf6 62. Bxb5 axb4 63. Bc4 Ra5 64. Nxf7 Ra3 65.
Nd6 Rf3 66. Ne4+ Kg6 67. Kc5 Rf4 68. Kxb4 Rxe4 69. Kc3 Rxg4 70. Bd3+ Kf6 71.
Kd2 Ke5 72. Ke2 Kf4 73. Kf1 Kg3 74. Be2 Ra4 75. Kg1 g4 76. Bd3 Kf3 77. Kh2 Ra2+
78. Kg1 g3 79. Bb5 Ra1+ 80. Bf1 g2 0-1